[Event "Prva A liga SSFBiH"]
[Site "Neum"]
[Date "2012.08.26"]
[Round "3.4"]
[White "Mataradzic, Almir"]
[Black "Memic, Hazim"]
[Result "1-0"]
[WhiteElo "2104"]
[BlackElo "2022"]
[PlyCount "63"]
[EventDate "2012.08.25"]

1. Nf3 Nf6 2. g3 g6 3. Bg2 Bg7 4. O-O O-O 5. d4 d5 6. c4 c6 7. Nc3 Nbd7 8. cxd5
cxd5 9. Bf4 a6 10. Rc1 Nb6 11. Qb3 Nh5 12. Bd2 e6 13. Rfd1 Nc4 14. Be1 Nf6 15.
e4 Na5 16. Qc2 dxe4 17. Nxe4 Nxe4 18. Qxe4 Nc6 19. Ne5 Ne7 20. Bb4 Rb8 21. Nc4
b5 22. Na5 Re8 23. Qe1 Bd7 24. Nb7 Rxb7 25. Bxb7 Qb6 26. Bf3 Bxd4 27. Ba5 Bxf2+
28. Qxf2 Qxa5 29. Rxd7 Qxa2 30. Qd4 Nf5 31. Qf6 Nh6 32. Rd8 1-0

[Event "Prva A liga SSFBiH"]
[Site "Neum"]
[Date "2012.08.27"]
[Round "4.1"]
[White "Kruskic, Mirsad"]
[Black "Bajric, Sakib"]
[Result "1/2-1/2"]
[WhiteElo "2118"]
[BlackElo "2202"]
[PlyCount "39"]
[EventDate "2012.08.25"]

1. d4 d6 2. c4 g6 3. Nf3 Bg7 4. g3 Nc6 5. Bg2 e5 6. d5 Nce7 7. e4 f6 8. Nc3 Nh6
9. h3 Nf7 10. Be3 f5 11. Qd2 O-O 12. Ng5 Nxg5 13. Bxg5 f4 14. g4 h6 15. Bxe7
Qxe7 16. f3 Bf6 17. O-O-O Bh4 18. Kb1 a6 19. Bf1 Bd7 20. Rc1 1/2-1/2

[Event "Prva A liga SSFBiH"]
[Site "Neum"]
[Date "2012.08.27"]
[Round "4.1"]
[White "Okicic, Nermin"]
[Black "Alihodzic, Muzafer"]
[Result "1/2-1/2"]
[WhiteElo "2170"]
[BlackElo "2081"]
[PlyCount "110"]
[EventDate "2012.08.25"]

1. d4 d5 2. c4 c6 3. Nc3 Nf6 4. e3 e6 5. Bd2 Be7 6. Nf3 Nbd7 7. Bd3 dxc4 8.
Bxc4 b5 9. Be2 a6 10. O-O Bb7 11. a3 c5 12. dxc5 Nxc5 13. Na2 Na4 14. Bc3 Nxc3
15. Nxc3 Qb6 16. Qb3 Nd5 17. Rfd1 O-O 18. Rac1 Rac8 19. Nd4 Rfd8 20. Bf3 Nxc3
21. bxc3 Bxf3 22. gxf3 Qc5 23. a4 bxa4 24. Qxa4 Qg5+ 25. Kf1 Qh4 26. Qxa6 Ra8
27. Qb7 Rab8 28. Qe4 Qxh2 29. f4 Rb2 30. Qg2 Qh5 31. Qf3 Qxf3 32. Nxf3 Rxd1+
33. Rxd1 Rc2 34. Rd3 h5 35. Nd4 Rb2 36. c4 Bh4 37. Ne2 Rc2 38. Rc3 Rxc3 39.
Nxc3 Kf8 40. Ke2 Ke7 41. Kf3 Kd6 42. Na4 g6 43. Kg2 Bf6 44. Kg3 e5 45. fxe5+
Kxe5 46. Nc5 Be7 47. f4+ Kf5 48. e4+ Kf6 49. Nd3 Ke6 50. Kf3 f6 51. f5+ gxf5
52. Nf4+ Ke5 53. Ng6+ Kd4 54. Nxe7 fxe4+ 55. Kf4 e3 1/2-1/2

[Event "Prva A liga SSFBiH"]
[Site "Neum"]
[Date "2012.08.27"]
[Round "4.1"]
[White "Music, Suad"]
[Black "Salkic, Fikret"]
[Result "1/2-1/2"]
[WhiteElo "2021"]
[BlackElo "2192"]
[PlyCount "40"]
[EventDate "2012.08.25"]

1. d4 Nf6 2. c4 g6 3. Nc3 Bg7 4. Nf3 O-O 5. Bf4 c5 6. e3 d6 7. Be2 h6 8. h3 Nc6
9. Bh2 Nd7 10. O-O a6 11. a3 b6 12. Rb1 Nf6 13. b4 cxb4 14. axb4 a5 15. b5 Nb4
16. Na4 Bf5 17. Rc1 Na2 18. Ra1 Nb4 19. Rc1 Na2 20. Ra1 Nb4 1/2-1/2

[Event "Prva A liga SSFBiH"]
[Site "Neum"]
[Date "2012.08.27"]
[Round "4.1"]
[White "Dugonjic, Dragan"]
[Black "Miralem, Mirza"]
[Result "1/2-1/2"]
[WhiteElo "2062"]
[BlackElo "2038"]
[PlyCount "113"]
[EventDate "2012.08.25"]

1. c4 e6 2. g3 d5 3. Bg2 Nf6 4. Nf3 Be7 5. O-O O-O 6. d4 c6 7. Nc3 Nbd7 8. b3
b6 9. Bf4 Bb7 10. Rc1 Re8 11. Qd3 Nf8 12. e4 dxe4 13. Nxe4 c5 14. Nxf6+ Bxf6
15. Be5 Bxe5 16. Nxe5 Bxg2 17. Kxg2 Qxd4 18. Qxd4 cxd4 19. f4 f6 20. Nc6 e5 21.
fxe5 fxe5 22. Rf5 Re6 23. Nb4 Nd7 24. Nd5 Rc8 25. Rcf1 Rf8 26. Rxf8+ Nxf8 27.
Kf3 Nd7 28. Ke2 a5 29. a3 e4 30. Rd1 d3+ 31. Ke3 Nf6 32. h3 Kf7 33. Rf1 g5 34.
Nc7 Rd6 35. Nb5 Rd7 36. Nc3 Kg6 37. Kd2 Re7 38. Ke3 Re6 39. Rf2 Ne8 40. Nd5 h5
41. Rf8 Nd6 42. g4 hxg4 43. hxg4 Nf7 44. Nc3 Ne5 45. Nxe4 Nd7 46. Rg8+ Kf7 47.
Rxg5 Nf6 48. Kxd3 Nxe4 49. Rf5+ Ke7 50. b4 Kd6 51. Kd4 axb4 52. axb4 Ke7 53.
Re5 Rxe5 54. Kxe5 Nf2 55. Kd5 Nd3 56. Kc6 Nxb4+ 57. Kxb6 1/2-1/2

[Event "Prva A liga SSFBiH"]
[Site "Neum"]
[Date "2012.08.27"]
[Round "4.2"]
[White "Mujic, Hamza"]
[Black "Nestorovic, Nikola"]
[Result "1-0"]
[WhiteElo "2359"]
[BlackElo "2430"]
[PlyCount "87"]
[EventDate "2012.08.25"]

1. e4 e5 2. Nf3 Nc6 3. Bc4 Bc5 4. b4 Bb6 5. b5 Na5 6. Be2 Nf6 7. O-O Nxe4 8. c4
d6 9. Qc2 Nf6 10. Bb2 c5 11. Nh4 O-O 12. f4 e4 13. Qc3 d5 14. cxd5 Qxd5 15. Qg3
c4+ 16. Kh1 Bd4 17. Nc3 Qd8 18. Rae1 Re8 19. Bd1 b6 20. Bc2 Nb7 21. Ba3 h6 22.
Nxe4 Nh5 23. Qf3 g6 24. Ng3 Nxg3+ 25. Qxg3 Nc5 26. Nxg6 Bg7 27. Rxe8+ Qxe8 28.
Re1 Be6 29. Nh4 Rd8 30. Bb2 Qf8 31. Bc3 Nd3 32. Re3 Kh7 33. f5 Bxc3 34. fxe6
Bf6 35. exf7 Qxf7 36. Qf3 Kh8 37. Re7 Qxe7 38. Ng6+ Kg7 39. Nxe7 Bxe7 40. Qg4+
Kf8 41. Qh5 Nf2+ 42. Kg1 Bc5 43. Kf1 Rd4 44. Qf5+ 1-0

[Event "Prva A liga SSFBiH"]
[Site "Neum"]
[Date "2012.08.27"]
[Round "4.2"]
[White "Mrndjic, Muamer"]
[Black "Sekulic, Dusan"]
[Result "1-0"]
[WhiteElo "2282"]
[BlackElo "2306"]
[PlyCount "107"]
[EventDate "2012.08.25"]

1. d4 Nf6 2. c4 c5 3. d5 b5 4. cxb5 a6 5. b6 d6 6. Nc3 Nbd7 7. e4 Rb8 8. Nf3 g6
9. Be2 Bg7 10. O-O O-O 11. Nd2 Nxb6 12. a4 Ne8 13. a5 Nd7 14. Nc4 Nc7 15. Bg5
h6 16. Bh4 g5 17. Bg3 Nb5 18. Na4 Nd4 19. Nab6 f5 20. exf5 Nxf5 21. Ra3 Nxg3
22. hxg3 Bd4 23. Bg4 Nxb6 24. axb6 e6 25. b7 Bxb7 26. Bxe6+ Kg7 27. Rb3 Ba8 28.
Rxb8 Qxb8 29. b3 Rf6 30. Qc2 Bb7 31. Nb6 Bc6 32. dxc6 Qxb6 33. Bd5 Rf8 34. Qe4
Qd8 35. Be6 d5 36. Qxd5 Qxd5 37. Bxd5 Be5 38. Rc1 Bd4 39. Rc2 Re8 40. Kf1 a5
41. f4 Kf6 42. Re2 Rxe2 43. Kxe2 Ke7 44. Kd3 Kd6 45. Kc4 Bf2 46. f5 Bd4 47. g4
Be5 48. Bf3 Bf6 49. Kb5 Bd8 50. Be2 Bf6 51. Kb6 Bd8+ 52. Kb7 Ke5 53. c7 Bxc7
54. Kxc7 1-0

[Event "Prva A liga SSFBiH"]
[Site "Neum"]
[Date "2012.08.27"]
[Round "4.2"]
[White "Muslimovic, Seval"]
[Black "Durakovic, Alman"]
[Result "0-1"]
[WhiteElo "2132"]
[BlackElo "2217"]
[PlyCount "48"]
[EventDate "2012.08.25"]

1. e4 c6 2. d4 d5 3. exd5 cxd5 4. Bd3 Nc6 5. c3 Qc7 6. Nf3 Bg4 7. O-O e6 8. Bg5
Bd6 9. h3 Bh5 10. Nbd2 f6 11. Be3 Nge7 12. Bb5 a6 13. Bxc6+ bxc6 14. b4 O-O 15.
g4 Bg6 16. Nb3 e5 17. Nc5 Bxc5 18. dxc5 f5 19. Bg5 fxg4 20. hxg4 Bc2 21. Qe2 e4
22. Ne1 Ba4 23. c4 Ng6 24. f3 Qe5 0-1

[Event "Prva A liga SSFBiH"]
[Site "Neum"]
[Date "2012.08.27"]
[Round "4.2"]
[White "Hadzovic, Amir"]
[Black "Smajlovic, Nijaz"]
[Result "0-1"]
[WhiteElo "2174"]
[BlackElo "1994"]
[PlyCount "78"]
[EventDate "2012.08.25"]

1. e4 e5 2. d4 exd4 3. Qxd4 Nc6 4. Qe3 d6 5. Nc3 Nf6 6. Bd2 g6 7. h3 Bg7 8.
O-O-O O-O 9. Qg3 Nh5 10. Qf3 Be5 11. g4 Ng7 12. Qe3 Ne6 13. Nge2 Ncd4 14. f4
Bg7 15. f5 Nxe2+ 16. Bxe2 Nc5 17. h4 Re8 18. Bf3 Bd7 19. h5 g5 20. h6 Be5 21.
Qxg5+ Qxg5 22. Bxg5 Bxc3 23. bxc3 Nxe4 24. Bxe4 Rxe4 25. Rdg1 Rae8 26. Bf6 Ba4
27. Rh5 Re2 28. Rg5+ Kf8 29. Rg7 Rxc2+ 30. Kb1 Ree2 31. c4 Rxa2 32. Rxh7 Bc2+
33. Kc1 Ke8 34. Rh8+ Kd7 35. Rd8+ Kc6 36. h7 Be4 37. Rf1 Red2 38. Re8 Rac2+ 39.
Kb1 Rb2+ 0-1

[Event "Prva A liga SSFBiH"]
[Site "Neum"]
[Date "2012.08.27"]
[Round "4.2"]
[White "Omercic, Muhamed"]
[Black "Bucan, Eldin"]
[Result "1/2-1/2"]
[WhiteElo "2098"]
[BlackElo "2140"]
[PlyCount "152"]
[EventDate "2012.08.25"]

1. d4 Nf6 2. c4 c5 3. d5 e6 4. Nc3 exd5 5. cxd5 d6 6. e4 g6 7. h4 Bg7 8. Be2 h5
9. Bg5 a6 10. a4 Qa5 11. Bd2 Qc7 12. Nh3 Nbd7 13. Ng5 Ne5 14. f3 O-O 15. Bf4
Re8 16. Qd2 Bd7 17. Rc1 Rab8 18. b4 Rbc8 19. Bxe5 Rxe5 20. bxc5 Qxc5 21. Na2
Qb6 22. Rxc8+ Bxc8 23. Qb4 Qxb4+ 24. Nxb4 Bd7 25. a5 Re8 26. O-O Rc8 27. Rb1
Ne8 28. Nd3 Bb5 29. Nf4 Bd4+ 30. Kf1 Rc5 31. Nd3 Rc3 32. Nc1 Be3 33. Bxb5 axb5
34. Ne2 Ra3 35. f4 Rxa5 36. e5 b4 37. Ne4 Rxd5 38. g3 dxe5 39. Rxb4 exf4 40.
gxf4 b6 41. N4c3 Ra5 42. Re4 Nf6 43. Rxe3 b5 44. Re5 Ra1+ 45. Kg2 b4 46. Nd5
Nxd5 47. Rxd5 b3 48. Rb5 Ra2 49. Kf3 b2 50. Rb7 Kg7 51. Nd4 Kf6 52. Ke4 Kg7 53.
Ne6+ Kg8 54. Ng5 Kf8 55. Rxf7+ Ke8 56. Rb7 Kd8 57. Nf7+ Ke8 58. Nd6+ Kf8 59.
Ke5 Kg8 60. Nc4 b1=Q 61. Rxb1 Rh2 62. Rb8+ Kh7 63. Nb6 Rxh4 64. Nd5 Rh1 65.
Rb7+ Kh6 66. Ne7 Re1+ 67. Kf6 h4 68. Nxg6 Ra1 69. Nxh4 Kh5 70. Rh7+ Kg4 71. f5
Ra6+ 72. Kg7 Kg5 73. Nf3+ Kxf5 74. Rh8 Rg6+ 75. Kh7 Rg3 76. Rf8+ Ke6 1/2-1/2

[Event "Prva A liga SSFBiH"]
[Site "Neum"]
[Date "2012.08.27"]
[Round "4.2"]
[White "Tucakovic, Mario"]
[Black "Muminovic, Semsudin"]
[Result "1-0"]
[WhiteElo "2040"]
[BlackElo "1884"]
[PlyCount "107"]
[EventDate "2012.08.25"]

1. e4 e5 2. d4 exd4 3. Qxd4 Nc6 4. Qe3 b6 5. Bd2 Bb7 6. Nc3 g6 7. O-O-O Bg7 8.
f4 d6 9. Nf3 Nf6 10. Bc4 Qe7 11. Ng5 Rf8 12. e5 dxe5 13. Be1 h6 14. Nf3 e4 15.
Nh4 Na5 16. Bb5+ c6 17. Be2 Nd5 18. Qxe4 Nxc3 19. Qxe7+ Kxe7 20. Bxc3 Bxc3 21.
bxc3 Rfd8 22. Rd3 c5 23. Rhd1 Rxd3 24. cxd3 Rd8 25. Bf3 Bxf3 26. Nxf3 Nc6 27.
Kc2 Kf6 28. Re1 Rd6 29. g4 Re6 30. Re4 Rxe4 31. dxe4 g5 32. e5+ Ke6 33. fxg5
hxg5 34. Nxg5+ Kxe5 35. Nxf7+ Kf4 36. g5 Ne7 37. Kd3 Kf5 38. Kc4 a6 39. a3 Ke6
40. Nh6 Ng6 41. Ng4 Kd6 42. Kd3 Kd5 43. Ne3+ Ke6 44. Ke4 b5 45. Nd5 Kd6 46. Nf4
Ne7 47. h4 a5 48. h5 b4 49. cxb4 axb4 50. axb4 cxb4 51. h6 b3 52. Kd3 Nc6 53.
h7 Ne5+ 54. Kc3 1-0

[Event "Prva A liga SSFBiH"]
[Site "Neum"]
[Date "2012.08.27"]
[Round "4.3"]
[White "Kamberovic, Senad"]
[Black "Djokic, Vladan"]
[Result "0-1"]
[WhiteElo "2274"]
[BlackElo "2334"]
[PlyCount "84"]
[EventDate "2012.08.25"]

1. d4 Nf6 2. Nf3 c5 3. c3 cxd4 4. cxd4 g6 5. g3 Bg7 6. Bg2 O-O 7. O-O d6 8. Nc3
Nc6 9. d5 Na5 10. Be3 Nc4 11. Bd4 Bg4 12. b3 Bxf3 13. Bxf3 Nb6 14. Rc1 Rc8 15.
e4 a6 16. Qd2 Nbd7 17. Rc2 Qa5 18. Rfc1 h5 19. h3 Qb4 20. Nb1 Qxd2 21. Nxd2
Rxc2 22. Rxc2 Nxe4 23. Bxg7 Nxd2 24. Rxd2 Kxg7 25. Rc2 Nc5 26. b4 Nd3 27. Rc7
Nxb4 28. Rxb7 Nxa2 29. Rxe7 Rb8 30. Rd7 Rb6 31. Ra7 Nc3 32. Rc7 Nb5 33. Rc4 Kf6
34. Rf4+ Ke7 35. g4 hxg4 36. hxg4 Nc7 37. g5 Rb5 38. Re4+ Kf8 39. Kf1 Rxd5 40.
Rc4 Rc5 41. Rd4 Ke7 42. Re4+ Ne6 0-1

[Event "Prva A liga SSFBiH"]
[Site "Neum"]
[Date "2012.08.27"]
[Round "4.3"]
[White "Mahmutbegovic, Midhat"]
[Black "Konjicanin, Muris"]
[Result "0-1"]
[WhiteElo "2078"]
[BlackElo "2258"]
[PlyCount "90"]
[EventDate "2012.08.25"]

1. e4 e6 2. d4 d5 3. exd5 exd5 4. Bd3 Bd6 5. Nf3 Ne7 6. O-O O-O 7. Re1 Bf5 8.
Nc3 Bxd3 9. Qxd3 c6 10. Bg5 f6 11. Bd2 Re8 12. Re2 Na6 13. a3 Qd7 14. Rae1 Nc7
15. Nh4 Qg4 16. g3 g6 17. Nd1 Kg7 18. f3 Qd7 19. Ne3 Ng8 20. Kg2 Nh6 21. Bc1
Nf7 22. b3 Ng5 23. Ng4 Rxe2+ 24. Rxe2 Re8 25. Rxe8 Nxe8 26. Qe3 Qe7 27. Qxe7+
Bxe7 28. Kf2 Ne6 29. Ke3 f5 30. Ne5 Bg5+ 31. f4 Bxh4 32. gxh4 Nf6 33. a4 Ng4+
34. Nxg4 fxg4 35. c3 Kf6 36. Ba3 Ng7 37. Bc5 Nf5+ 38. Kd3 a6 39. c4 Nxh4 40.
cxd5 cxd5 41. Ke3 Ng2+ 42. Kf2 Nxf4 43. b4 Kf5 44. b5 axb5 45. axb5 h5 0-1

[Event "Prva A liga SSFBiH"]
[Site "Neum"]
[Date "2012.08.27"]
[Round "4.3"]
[White "Tutic, Resad"]
[Black "Rogovic, Ismet"]
[Result "1/2-1/2"]
[WhiteElo "2258"]
[BlackElo "2021"]
[PlyCount "105"]
[EventDate "2012.08.25"]

1. e4 e5 2. Nf3 Nc6 3. d4 exd4 4. Nxd4 Bc5 5. Be3 Qf6 6. c3 Nge7 7. Nc2 Bxe3 8.
Nxe3 d6 9. Nd2 O-O 10. Be2 Be6 11. O-O d5 12. f4 d4 13. e5 Qh6 14. cxd4 Nxd4
15. Nf3 Nxe2+ 16. Qxe2 Qxf4 17. g3 Qe4 18. Rac1 Nd5 19. Rfe1 Nxe3 20. Qxe3
Qxe3+ 21. Rxe3 c6 22. a4 Rfd8 23. a5 a6 24. Ng5 Rd5 25. Rb3 Rb5 26. Rxb5 axb5
27. Nxe6 fxe6 28. b4 Kf8 29. Rd1 Ke7 30. Rd6 Rc8 31. Kf2 Rf8+ 32. Ke3 Rf1 33.
a6 bxa6 34. Rxc6 Ra1 35. Rc7+ Kf8 36. Ra7 h6 37. Kf3 Ra4 38. h4 h5 39. Kf4
Rxb4+ 40. Kg5 Re4 41. Kxh5 Rxe5+ 42. Kg6 Re4 43. Rxa6 b4 44. Ra7 Rg4+ 45. Kh5
Rc4 46. Rb7 e5 47. Kg5 e4 48. Kf4 Kg8 49. h5 Kh7 50. Rb6 e3+ 51. Kxe3 Rc3+ 52.
Kf4 b3 53. g4 1/2-1/2

[Event "Prva A liga SSFBiH"]
[Site "Neum"]
[Date "2012.08.27"]
[Round "4.3"]
[White "Mehmedovic, Mirza"]
[Black "Mahmutbegovic, Nadina"]
[Result "1-0"]
[WhiteElo "2219"]
[BlackElo "1687"]
[PlyCount "95"]
[EventDate "2012.08.25"]

1. e4 e5 2. Nf3 Nc6 3. d4 exd4 4. Nxd4 Nf6 5. Nc3 Bb4 6. Nxc6 bxc6 7. Bd3 d5 8.
exd5 cxd5 9. O-O O-O 10. Bg5 c6 11. Na4 Be7 12. c4 Be6 13. Rc1 Nd7 14. Bxe7
Qxe7 15. Re1 Qd8 16. cxd5 Bxd5 17. Nc3 Nf6 18. Qc2 Re8 19. Red1 Qe7 20. h3 Rab8
21. b3 h6 22. Ne2 Nh5 23. Qd2 Rbd8 24. f3 Qh4 25. Rf1 Re5 26. f4 Re6 27. Rf2
Ng3 28. Nxg3 Qxg3 29. Bf1 Rde8 30. f5 Re3 31. b4 Qe5 32. f6 g6 33. b5 Re6 34.
a4 Kh7 35. a5 Qe4 36. bxc6 Bxc6 37. Rc4 Qd5 38. Qxd5 Bxd5 39. Rc7 R6e4 40. Rxa7
Ra4 41. a6 Re1 42. Kh2 g5 43. Bd3+ Kg8 44. Re7 Rxe7 45. fxe7 Bc6 46. Rc2 Bd7
47. Rc7 Rd4 48. Rxd7 1-0

[Event "Prva A liga SSFBiH"]
[Site "Neum"]
[Date "2012.08.27"]
[Round "4.3"]
[White "Mesic, Vehid"]
[Black "Colpa, Husein"]
[Result "1-0"]
[WhiteElo "1504"]
[BlackElo "1980"]
[PlyCount "117"]
[EventDate "2012.08.25"]

1. e4 c5 2. Nf3 d6 3. d4 cxd4 4. Nxd4 a6 5. Nc3 b5 6. Be2 Bb7 7. O-O Nf6 8. f4
Nbd7 9. Be3 b4 10. Nd5 Bxd5 11. exd5 Nxd5 12. Bd2 e6 13. Bc4 N7b6 14. Bb3 a5
15. f5 e5 16. Ne6 fxe6 17. Qh5+ Kd7 18. fxe6+ Kc8 19. Rf7 Kb8 20. Qf3 Ne7 21.
Rf1 a4 22. Rxf8 Rxf8 23. Qxf8 Kc7 24. Qxg7 axb3 25. axb3 Kc6 26. Qxh7 Nbd5 27.
c4 bxc3 28. bxc3 Qb6+ 29. Kh1 Qxb3 30. c4 Nb6 31. Qxe7 Nxc4 32. Bg5 Qb7 33. Qf6
Re8 34. Rc1 Qb5 35. Qf7 Rb8 36. h4 d5 37. Qd7+ Kc5 38. Qc7+ Kd4 39. Qa7+ Qb6
40. Qa1+ Kc5 41. Qxe5 Qd6 42. Qe2 Re8 43. e7 Kc6 44. Qf3 Kd7 45. Rd1 Nb6 46.
Qg4+ Qe6 47. Qb4 Qc6 48. Rc1 Nc4 49. Qb3 Rc8 50. Qh3+ Qe6 51. Qd3 Ne5 52. Qb5+
Nc6 53. Rd1 Kd6 54. Qa6 Kd7 55. Qb7+ Ke8 56. Qb5 d4 57. Rxd4 Qe1+ 58. Kh2 Qe5+
59. Qxe5 1-0

[Event "Prva A liga SSFBiH"]
[Site "Neum"]
[Date "2012.08.27"]
[Round "4.4"]
[White "Muratovic, Enver"]
[Black "Saric, Sinisa"]
[Result "1-0"]
[WhiteElo "2301"]
[BlackElo "2433"]
[PlyCount "121"]
[EventDate "2012.08.25"]

1. e4 d5 2. exd5 Qxd5 3. Nc3 Qd6 4. d4 Nf6 5. Nge2 Bf5 6. Bf4 Qb6 7. Na4 Qa5+
8. c3 c6 9. Nc5 Qb6 10. Qb3 Qxb3 11. axb3 b6 12. Na6 Nxa6 13. Rxa6 Nd5 14. Bd2
e6 15. Ng3 Bg6 16. Be2 Nc7 17. Bf3 Kd7 18. Ra1 a5 19. O-O Bc2 20. Bd1 Bxd1 21.
Rfxd1 Be7 22. Nh5 g6 23. Nf4 Bd6 24. Nd3 f6 25. Bh6 Rhg8 26. Be3 Nd5 27. Rd2
Ke7 28. Re2 Rgd8 29. h3 Rd7 30. Bd2 Kf7 31. Rae1 Nc7 32. Ra1 Rad8 33. Bf4 Bxf4
34. Nxf4 g5 35. Nh5 Rd5 36. Ng3 c5 37. dxc5 Rxc5 38. Ne4 Rcd5 39. Rae1 Rd3 40.
Kf1 h6 41. Re3 Rxe3 42. fxe3 f5 43. Nf2 Na6 44. e4 Rd2 45. exf5 exf5 46. Re5
Kf6 47. Rb5 Rd6 48. g4 Nc5 49. gxf5 Rc6 50. Ng4+ Kxf5 51. b4 axb4 52. cxb4 h5
53. bxc5 bxc5 54. Nf2 Ke5 55. b4 g4 56. Rxc5+ Rxc5 57. bxc5 g3 58. c6 Kd6 59.
Ne4+ Kxc6 60. Nxg3 h4 61. Nf5 1-0

[Event "Prva A liga SSFBiH"]
[Site "Neum"]
[Date "2012.08.27"]
[Round "4.4"]
[White "Nurkic, Sahbaz"]
[Black "Kojic, Tigran"]
[Result "1/2-1/2"]
[WhiteElo "2397"]
[BlackElo "2322"]
[PlyCount "55"]
[EventDate "2012.08.25"]

1. e4 d6 2. d4 Nf6 3. Nc3 g6 4. f4 Bg7 5. Nf3 c5 6. dxc5 Qa5 7. Bd3 Qxc5 8. Qe2
O-O 9. Be3 Qa5 10. O-O Nc6 11. Kh1 Bg4 12. a3 Rac8 13. Nb5 a6 14. b4 Qd8 15.
Nbd4 Nxd4 16. Bxd4 e5 17. fxe5 Nd7 18. Qe3 dxe5 19. Bb2 Be6 20. Rad1 Qe7 21.
Qa7 Nb8 22. Qe3 Nc6 23. h3 Rfd8 24. Be2 h6 25. Rfe1 Nd4 26. Nxd4 exd4 27. Bxd4
Bxd4 28. Rxd4 1/2-1/2

[Event "Prva A liga SSFBiH"]
[Site "Neum"]
[Date "2012.08.27"]
[Round "4.4"]
[White "Bajramovic, Halid"]
[Black "Jefic, Srdjan"]
[Result "1-0"]
[WhiteElo "2160"]
[BlackElo "2165"]
[PlyCount "47"]
[EventDate "2012.08.25"]

1. d4 d5 2. c4 c6 3. Nc3 Nf6 4. e3 a6 5. Nf3 b5 6. cxb5 cxb5 7. Bd3 Bb7 8. O-O
Nbd7 9. Qe2 e6 10. Bd2 Be7 11. Rfc1 O-O 12. a3 Nb6 13. Be1 Nc4 14. a4 Na5 15.
axb5 Nb3 16. bxa6 Nxc1 17. Rxc1 Bc8 18. Na4 Bd7 19. Nc5 Qb6 20. Ne5 Ra7 21. b4
Rfa8 22. Ncxd7 Nxd7 23. Nc6 Rc7 24. b5 1-0

[Event "Prva A liga SSFBiH"]
[Site "Neum"]
[Date "2012.08.27"]
[Round "4.4"]
[White "Miljkovic, Milan"]
[Black "Radic, Bojan"]
[Result "1-0"]
[WhiteElo "2206"]
[BlackElo "2187"]
[PlyCount "57"]
[EventDate "2012.08.25"]

1. e4 c5 2. Nf3 e6 3. c3 Nf6 4. Bd3 Nc6 5. Bc2 Qc7 6. O-O Be7 7. d4 cxd4 8.
cxd4 Nb4 9. Nc3 Nxc2 10. Qxc2 b5 11. Qe2 b4 12. e5 bxc3 13. exf6 Bxf6 14. bxc3
Qxc3 15. Bd2 Qa3 16. Rfb1 a5 17. Rb3 Qd6 18. Bc1 Qa6 19. Qe3 O-O 20. Ba3 Re8
21. Rab1 Be7 22. Bxe7 Rxe7 23. Qc3 Re8 24. Qc2 f6 25. h4 Qd6 26. Rb6 Qf4 27.
Qd3 d5 28. Qb5 Re7 29. Qc6 1-0

[Event "Prva A liga SSFBiH"]
[Site "Neum"]
[Date "2012.08.27"]
[Round "4.4"]
[White "Sestic, Nermin"]
[Black "Djuric, Nebojsa"]
[Result "0-1"]
[WhiteElo "2138"]
[BlackElo "2181"]
[PlyCount "50"]
[EventDate "2012.08.25"]

1. d4 d5 2. Nf3 c6 3. Bf4 Nf6 4. e3 Qb6 5. b3 Bf5 6. Bd3 Bxd3 7. Qxd3 e6 8. O-O
Nbd7 9. Nbd2 Be7 10. h3 O-O 11. c4 c5 12. Rfc1 Rfd8 13. cxd5 Nxd5 14. Bg3 Rac8
15. Nc4 Qa6 16. Qf1 b5 17. Nce5 Nxe5 18. Bxe5 c4 19. a4 cxb3 20. Rxc8 Qxc8 21.
axb5 b2 22. Re1 Qc2 23. e4 Bb4 24. exd5 Bxe1 25. Nxe1 Qc1 0-1

[Event "Prva A liga SSFBiH"]
[Site "Neum"]
[Date "2012.08.27"]
[Round "4.4"]
[White "Pantic, Bojan"]
[Black "Besirevic, Jasmin"]
[Result "1-0"]
[WhiteElo "2109"]
[BlackElo "1957"]
[PlyCount "98"]
[EventDate "2012.08.25"]

1. d4 Nf6 2. c4 e6 3. Nf3 c5 4. g3 d5 5. cxd5 exd5 6. Bg2 Nc6 7. O-O Be7 8. a3
cxd4 9. Nxd4 O-O 10. Nc3 h6 11. h3 a6 12. b4 Nxd4 13. Qxd4 Be6 14. Rd1 Qc8 15.
Bb2 Rd8 16. Na4 Qc6 17. Nb6 Rab8 18. a4 Rd6 19. a5 Qb5 20. Qe5 Rbd8 21. e3 Bf8
22. Bf1 Qe8 23. b5 Nd7 24. Nxd7 Bxd7 25. bxa6 bxa6 26. Qxe8 Bxe8 27. Rac1 Ra8
28. Bg2 Rad8 29. Rc5 Bc6 30. Rdc1 Ba8 31. Rc7 g6 32. Ra7 Bg7 33. Ba3 Rc6 34.
Rxc6 Bxc6 35. Rxa6 Bb5 36. Rd6 Rxd6 37. Bxd6 Bc3 38. Bc7 Bc6 39. h4 Kf8 40. Bh3
Bb7 41. Bf1 Ke7 42. Bb5 d4 43. a6 Ba8 44. Be5 f6 45. Bxd4 Bxd4 46. exd4 Kd6 47.
Bc4 Bf3 48. d5 Kc7 49. a7 Kb7 1-0

[Event "Prva A liga SSFBiH"]
[Site "Neum"]
[Date "2012.08.28"]
[Round "5.1"]
[White "Djokic, Vladan"]
[Black "Muratovic, Enver"]
[Result "1/2-1/2"]
[WhiteElo "2334"]
[BlackElo "2301"]
[PlyCount "32"]
[EventDate "2012.08.25"]

1. c4 c6 2. Nf3 Nf6 3. g3 d5 4. b3 Bg4 5. d4 e6 6. Bg2 Bb4+ 7. Kf1 Nbd7 8. Bf4
Ne4 9. a3 Be7 10. h3 Bh5 11. g4 Bg6 12. Nbd2 O-O 13. Nxe4 Bxe4 14. Ne5 Bxg2+
15. Kxg2 Nxe5 16. Bxe5 Bd6 1/2-1/2

[Event "Prva A liga SSFBiH"]
[Site "Neum"]
[Date "2012.08.28"]
[Round "5.1"]
[White "Kojic, Tigran"]
[Black "Mahmutbegovic, Midhat"]
[Result "1-0"]
[WhiteElo "2322"]
[BlackElo "2078"]
[PlyCount "69"]
[EventDate "2012.08.25"]

1. d4 d5 2. c4 Nf6 3. cxd5 Nxd5 4. Nf3 e6 5. e4 Nf6 6. Nc3 c5 7. Bg5 cxd4 8.
Nxd4 Be7 9. Ndb5 O-O 10. Qxd8 Bxd8 11. e5 h6 12. Be3 Ng4 13. Bc5 Nxe5 14. Bxf8
Kxf8 15. O-O-O Nbc6 16. Be2 a6 17. Nd6 Bb6 18. Rhf1 Nd4 19. Bh5 g6 20. f4 Nec6
21. Bg4 Ke7 22. Nc4 Ba7 23. Rfe1 b5 24. Nb6 Rb8 25. Nxc8+ Rxc8 26. Kb1 b4 27.
Ne2 a5 28. Nxd4 Nxd4 29. Rd3 h5 30. Bd1 Rc7 31. Ba4 Kd6 32. Re4 Kd5 33. Re5+
Kc4 34. Rd1 Bb6 35. b3+ 1-0

[Event "Prva A liga SSFBiH"]
[Site "Neum"]
[Date "2012.08.28"]
[Round "5.1"]
[White "Rogovic, Ismet"]
[Black "Bajramovic, Halid"]
[Result "0-1"]
[WhiteElo "2021"]
[BlackElo "2160"]
[PlyCount "148"]
[EventDate "2012.08.25"]

1. e4 c5 2. Nf3 Nc6 3. Nc3 e6 4. d4 cxd4 5. Nxd4 a6 6. Be2 Qc7 7. O-O Nf6 8.
Nxc6 bxc6 9. Bg5 Be7 10. Kh1 d5 11. Bd3 Bb7 12. f4 d4 13. Bxf6 Bxf6 14. Ne2 c5
15. b3 e5 16. f5 h5 17. Ng3 h4 18. Nh5 Ke7 19. Qf3 Rh6 20. Nxf6 gxf6 21. h3 Rg8
22. Qe2 Qc8 23. Rab1 Qa8 24. Rbe1 Rh7 25. Rf2 Rhg7 26. Qd2 a5 27. Qc1 Rg3 28.
Qa3 Kd6 29. Qc1 R8g5 30. Qd2 Ke7 31. Qc1 Bc6 32. a4 Rg8 33. Qd2 Qd8 34. Ree2
Qb6 35. Re1 R3g5 36. Kh2 Kd6 37. Bc4 Ra8 38. Rfe2 Ke7 39. Bd3 Rb8 40. Rf1 Qc7
41. Rf3 Rb4 42. g3 hxg3+ 43. Rxg3 Rxg3 44. Kxg3 Qb7 45. Qe1 c4 46. Bxc4 Bxa4
47. Qa1 Bb5 48. Bd5 Qb6 49. Rd2 Qc5 50. Rg2 a4 51. bxa4 Bxa4 52. Qa2 Qc3+ 53.
Kh2 Bd7 54. Qa7 Ra4 55. Qb7 Ra3 56. Bb3 d3 57. Qd5 Be8 58. Qb7+ Bd7 59. Qd5 Be8
60. Qb7+ Bd7 61. Qd5 Rxb3 62. Qxb3 Qxb3 63. cxb3 Bc6 64. Rf2 Bxe4 65. h4 Bd5
66. h5 e4 67. h6 e3 68. Rf1 e2 69. Re1 Kf8 70. Rg1 d2 71. h7 e1=Q 72. h8=Q+ Ke7
73. Rxe1+ dxe1=Q 74. Qc8 Qf2+ 0-1

[Event "Prva A liga SSFBiH"]
[Site "Neum"]
[Date "2012.08.28"]
[Round "5.1"]
[White "Mahmutbegovic, Nadina"]
[Black "Sestic, Nermin"]
[Result "1-0"]
[WhiteElo "1687"]
[BlackElo "2138"]
[PlyCount "77"]
[EventDate "2012.08.25"]

1. e4 e6 2. d4 d5 3. exd5 exd5 4. Bd3 Bd6 5. Nf3 Nf6 6. O-O O-O 7. Bg5 h6 8.
Bh4 Bg4 9. Nbd2 Nbd7 10. c3 c6 11. Qc2 Qc7 12. Rfe1 Rfe8 13. Bg3 Bxg3 14. hxg3
b6 15. c4 Rac8 16. Nh4 dxc4 17. Bxc4 Qd6 18. Qb3 Bh5 19. Nf5 Qf8 20. Nf3 b5 21.
Bd3 Nd5 22. Ne5 N7b6 23. g4 Bg6 24. Nxg6 fxg6 25. Nh4 g5 26. Ng6 Qf6 27. Ne5 a5
28. Bf5 a4 29. Qc2 Rc7 30. Bh7+ Kf8 31. Ng6+ Kf7 32. Ne5+ Kf8 33. Qc5+ Ree7 34.
Ng6+ Kf7 35. Nxe7 Rxe7 36. Rxe7+ Qxe7 37. Qxc6 Qe2 38. Bg6+ Kf8 39. Qd6+ 1-0

[Event "Prva A liga SSFBiH"]
[Site "Neum"]
[Date "2012.08.28"]
[Round "5.1"]
[White "Besirevic, Jasmin"]
[Black "Mesic, Vehid"]
[Result "1-0"]
[WhiteElo "1957"]
[BlackElo "1504"]
[PlyCount "61"]
[EventDate "2012.08.25"]

1. d4 Nf6 2. c4 g6 3. Nc3 Bg7 4. e4 d6 5. Bd3 O-O 6. Nge2 e5 7. d5 Nbd7 8. O-O
Nc5 9. Bc2 a5 10. a3 Nh5 11. Rb1 b6 12. b4 axb4 13. axb4 Na6 14. Be3 f5 15. f3
f4 16. Bf2 g5 17. h3 Nf6 18. Ba4 h5 19. Bc6 Rb8 20. Bb5 g4 21. Bh4 Ra8 22. Ra1
Bb7 23. Qb3 Kf7 24. Ra2 Qc8 25. Kh2 g3+ 26. Kh1 Ng4 27. fxg4 hxg4 28. Nxg3 gxh3
29. Nf5 Rh8 30. g3 Nb8 31. Raa1 1-0